000 00434nam a2200169 4500
001 45276
090 _a45276
100 _a20251205 pory50
101 _apor
102 _aPT
200 _aOs apaches Gerónimo e Cochise
_fPaolo Garó
210 _a[Lisboa]
_cPublicações Dom Quixote
_d[19--?]
215 _a44 p.
225 _aOs grandes heróis do oeste americano em B.D.
_v5
675 _a82-93
801 _aPT
_gRPC
990 _cLIVROS